LIBRARY & INFORMATION CENTRE, KCAET, TAVANUR

ONLINE PUBLIC ACCESS CATALOGUE (OPAC)

Normal view MARC view
  • Ulloor S Parameeswara Aiyer

Entry Personal Name

Number of records used in: 1

001 - CONTROL NUMBER

  • control field: 5520

003 - CONTROL NUMBER IDENTIFIER

  • control field: OSt

005 - DATE AND TIME OF LATEST TRANSACTION

  • control field: 20231012111749.0

008 - FIXED-LENGTH DATA ELEMENTS

  • fixed length control field: 231012|| aca||aabn | a|a d

040 ## - CATALOGING SOURCE

  • Original cataloging agency: OSt
  • Transcribing agency: OSt

100 ## - HEADING--PERSONAL NAME

  • Personal name: Ulloor S Parameeswara Aiyer

670 ## - SOURCE DATA FOUND

  • Source citation: Work cat.: (OSt)17738: Ulloor S Parameeswara Aiyer, Kerala Sahithya Charitram, 1964
free website counter